[Event "Avoin SM / Naantalin turnaus 2015"]
[Site "Naantali kuparivuorentie 1 "]
[Date "2015.06.29"]
[Round "1"]
[White "Riihimaki Pekka"]
[Black "Kiik Kalle"]
[Result "0-1"]
[WhiteElo "1960"]
[BlackElo "2369"]
[PlyCount "102"]
[EventDate "2015.06.29"]
[EventRounds "9"]
[EventCountry "FIN"]

1. e4 d6 2. d4 Nf6 3. Nc3 e5 4. dxe5 dxe5 5. Qxd8+ Kxd8 6. Bg5 Be6 7. g3 c6 8.
f4 h6 9. Bh4 Kc7 10. f5 Bd7 11. Bxf6 gxf6 12. Bc4 Be8 13. a4 a5 14. O-O-O Bb4
15. Nge2 Nd7 16. h3 h5 17. g4 h4 18. Rhf1 Nb6 19. b3 Ba3+ 20. Kb1 Nxc4 21. bxc4
Ra6 22. Ka2 Bc5 23. Rb1 Bd7 24. Rfd1 Rb6 25. Rxb6 Bxb6 26. Rd3 Bc5 27. Rd1 Ra8
28. Rb1 b6 29. Rd1 Bc8 30. Kb3 Ba6 31. Rd3 Rb8 32. Rd1 Bb4 33. Rd3 Bf8 34. Rd1
Kc8 35. Rd3 Rb7 36. Rd1 Bb4 37. Rd3 Rd7 38. Rxd7 Kxd7 39. Ng1 Kd6 40. Nf3 Kc5
41. Nd2 Kd4 42. Nf3+ Ke3 43. Nxh4 Bf8 44. Nd1+ Kxe4 45. Nc3+ Ke3 46. Nd1+ Kf4
47. Ng2+ Kg3 48. Nge3 Bh6 49. Kc3 Kxh3 50. Kd3 Kg3 51. Ke4 Bf4 0-1

[Event "Avoin SM / Naantalin turnaus 2015"]
[Site "Naantali kuparivuorentie 1 "]
[Date "2015.06.29"]
[Round "1"]
[White "Ruotanen Helge"]
[Black "Sisatto Olli"]
[Result "0-1"]
[WhiteElo "1924"]
[BlackElo "2254"]
[PlyCount "50"]
[EventDate "2015.06.29"]
[EventRounds "9"]
[EventCountry "FIN"]

1. g3 d5 2. d3 e5 3. Bg2 Nc6 4. c3 a5 5. Nf3 g6 6. a4 Bg7 7. O-O Nge7 8. Nbd2
O-O 9. e4 h6 10. exd5 Nxd5 11. Nc4 Bf5 12. Re1 Re8 13. Nh4 Be6 14. Bd2 Qd7 15.
Qc2 Rad8 16. Rad1 Bg4 17. f3 Be6 18. Bh1 g5 19. Ng2 Ndb4 20. cxb4 Nd4 21. Qb1
Bxc4 22. Re3 Bb3 23. Rc1 Nf5 24. Re2 axb4 25. Bxb4 Qd4+ 0-1

[Event "Avoin SM / Naantalin turnaus 2015"]
[Site "Naantali kuparivuorentie 1 "]
[Date "2015.06.29"]
[Round "1.7"]
[White "Kotilainen Ari"]
[Black "Hurme Harri"]
[Result "0-1"]
[WhiteElo "2019"]
[BlackElo "2169"]
[PlyCount "56"]
[EventDate "2015.06.29"]
[EventRounds "9"]
[EventCountry "FIN"]

1. e4 e5 2. Nf3 Nc6 3. Bb5 a6 4. Bxc6 dxc6 5. d4 exd4 6. Qxd4 Qxd4 7. Nxd4 Bd7
8. Be3 O-O-O 9. O-O Ne7 10. Nb3 b6 11. Nc3 Ng6 12. f4 Bb4 13. Bd4 f6 14. a3 Bd6
15. Be3 c5 16. Rae1 Rhe8 17. Nd2 Bc6 18. g3 Bf8 19. Re2 b5 20. Nb3 b4 21. Na5
Bd7 22. Nd5 Bb5 23. Rfe1 Bxe2 24. Rxe2 Rxe4 25. c4 bxc3 26. Nxc3 Ree8 27. Nc4
Ne7 28. Rc2 Nf5 0-1

[Event "Avoin SM / Naantalin turnaus 2015"]
[Site "Naantali kuparivuorentie 1 "]
[Date "2015.06.30"]
[Round "2.1"]
[White "Kiik Kalle"]
[Black "Wilen Eero"]
[Result "1-0"]
[WhiteElo "2369"]
[BlackElo "2114"]
[PlyCount "75"]
[EventDate "2015.06.29"]
[EventRounds "9"]
[EventCountry "FIN"]

1. e4 e5 2. Nf3 Nc6 3. Bc4 Nf6 4. d4 exd4 5. e5 d5 6. Bb5 Ne4 7. Nxd4 Bd7 8.
Bxc6 bxc6 9. O-O Bc5 10. Be3 O-O 11. Nd2 Nxd2 12. Qxd2 f6 13. Qc3 Bb6 14. Nxc6
Bxc6 15. Qxc6 fxe5 16. Bxb6 axb6 17. Qe6+ Rf7 18. Qxe5 Re7 19. Qg3 Qd7 20. Qb3
Kh8 21. Rad1 Rd8 22. h3 b5 23. Qb4 Rde8 24. Rfe1 Rxe1+ 25. Rxe1 Rxe1+ 26. Qxe1
h6 27. b4 Qc6 28. Qd2 Qc4 29. a3 Qa2 30. Qc3 Qb1+ 31. Kh2 Qf1 32. Kg3 Qc1 33.
h4 d4 34. Qd3 c6 35. Kf3 Kg8 36. Kg4 Qb2 37. Qb3+ Qxb3 38. cxb3 1-0

[Event "Avoin SM / Naantalin turnaus 2015"]
[Site "Naantali kuparivuorentie 1 "]
[Date "2015.06.30"]
[Round "2.2"]
[White "Heino Juha"]
[Black "Ahvenjarvi Jani"]
[Result "0-1"]
[WhiteElo "2090"]
[BlackElo "2278"]
[PlyCount "90"]
[EventDate "2015.06.29"]
[EventRounds "9"]
[EventCountry "FIN"]

1. d4 Nf6 2. c4 e6 3. Nc3 Bb4 4. Qc2 d5 5. e3 c5 6. a3 Bxc3+ 7. bxc3 Nc6 8. Bd3
dxc4 9. Bxc4 O-O 10. Nf3 b6 11. O-O Bb7 12. dxc5 bxc5 13. Be2 Na5 14. c4 Be4
15. Qc3 Rb8 16. Nd2 Bg6 17. f3 Nd7 18. Ra2 Qc7 19. Bb2 f6 20. Ba1 Ne5 21. f4
Nec6 22. Bg4 Bf5 23. Bxf5 exf5 24. Qc2 Qd7 25. Re1 Rfd8 26. Kf2 Rb7 27. Bc3 Qd3
28. Qc1 Nb3 29. Nxb3 Rxb3 30. Rc2 a5 31. Ree2 Qd1 32. Bb2 Kf7 33. Re1 Qxc1 34.
Bxc1 Rdd3 35. Ke2 a4 36. Rd1 Rxd1 37. Kxd1 Ke6 38. Ke2 h5 39. g3 Na5 40. Bd2
Nb7 41. Bc1 Nd6 42. Bb2 Ne4 43. Bc1 g5 44. Bb2 Kf7 45. Bc1 Kg6 0-1

[Event "Avoin SM / Naantalin turnaus 2015"]
[Site "Naantali kuparivuorentie 1 "]
[Date "2015.06.30"]
[Round "2.3"]
[White "Sisatto Olli"]
[Black "Haanpaa Jorma"]
[Result "1/2-1/2"]
[WhiteElo "2254"]
[BlackElo "2009"]
[PlyCount "100"]
[EventDate "2015.06.29"]
[EventRounds "9"]
[EventCountry "FIN"]

1. d4 Nf6 2. Nf3 e6 3. Bf4 c5 4. e3 Nc6 5. Nc3 cxd4 6. exd4 Bb4 7. Bd3 Nd5 8.
Bd2 Nxc3 9. bxc3 Be7 10. O-O O-O 11. c4 d5 12. cxd5 Qxd5 13. c4 Qh5 14. Rb1 a6
15. Qc2 Bf6 16. Bc3 Rd8 17. Rfd1 Kh8 18. Be4 Qh6 19. d5 exd5 20. cxd5 Na7 21.
Rb6 Nb5 22. Bxf6 gxf6 23. d6 Be6 24. Qb2 Rac8 25. Bxb7 Nc3 26. Bxc8 Nxd1 27.
Qd4 Rxc8 28. d7 Rd8 29. Rd6 Kg7 30. Qxd1 Rxd7 31. Rxd7 Bxd7 32. h3 Be6 33. Nd4
Qg5 34. g4 Qe5 35. Qd2 h5 36. f4 Qe4 37. gxh5 Bxa2 38. Kh2 Bd5 39. Kg3 Kh7 40.
Kh4 a5 41. Ne2 Qg2 42. Qe3 Qf3 43. Qd4 Qe4 44. Qxf6 Qe6 45. Qg5 a4 46. Ng3 Bg2
47. Nf5 Qe1+ 48. Kg4 Qe2+ 49. Kh4 Qe1+ 50. Kg4 Qe2+ 1/2-1/2

[Event "Avoin SM / Naantalin turnaus 2015"]
[Site "Naantali kuparivuorentie 1 "]
[Date "2015.06.30"]
[Round "2.4"]
[White "Pelto Juho"]
[Black "Topi-Hulmi Teemu"]
[Result "0-1"]
[WhiteElo "2058"]
[BlackElo "2241"]
[PlyCount "139"]
[EventDate "2015.06.29"]
[EventRounds "9"]
[EventCountry "FIN"]

1. e4 c5 2. c3 e6 3. d4 d5 4. exd5 exd5 5. Nf3 Nc6 6. Bb5 Bd6 7. dxc5 Bxc5 8.
O-O Nge7 9. Nbd2 O-O 10. Nb3 Bb6 11. Bf4 Ng6 12. Bg3 f5 13. h3 f4 14. Bh2 Qd6
15. c4 a6 16. Ba4 Nce7 17. cxd5 Qxd5 18. Nbd4 Kh8 19. Bb3 Qa5 20. Qe1 Nf5 21.
Qxa5 Bxa5 22. Rad1 h6 23. Ne6 Bxe6 24. Bxe6 Rae8 25. Bd7 Rd8 26. Be6 Nfe7 27.
h4 Bc7 28. Bb3 Nc6 29. Bd5 Nge7 30. Be4 Rfe8 31. b3 a5 32. Rfe1 Nb4 33. a3 Nbc6
34. Kf1 Bd6 35. Bxc6 bxc6 36. a4 Nd5 37. Nd4 Rxe1+ 38. Rxe1 Nb4 39. Re6 Kg8 40.
Ne2 Kf7 41. Re4 f3 42. Ng3 Bxg3 43. fxg3 Rd1+ 44. Kf2 fxg2 45. Kxg2 Rd2+ 46.
Kh3 Rd3 47. Bg1 Rxb3 48. Rc4 Ra3 49. Bc5 Rxa4 50. Bxb4 axb4 51. Rxc6 Ra1 52.
Rb6 Rb1 53. Rb7+ Kf6 54. Rb6+ Ke5 55. Rg6 b3 56. Kg2 Rc1 57. Rb6 Rc2+ 58. Kf3
b2 59. Ke3 Rg2 60. Rb4 Kd6 61. Kf3 Rh2 62. Ke3 Kc6 63. Rb8 Kc5 64. Rb7 Kc4 65.
Rc7+ Kb3 66. Rb7+ Kc2 67. Rc7+ Kd1 68. Rd7+ Kc1 69. Rc7+ Rc2 70. Rf7 0-1

[Event "Avoin SM / Naantalin turnaus 2015"]
[Site "Naantali kuparivuorentie 1 "]
[Date "2015.06.30"]
[Round "2.5"]
[White "Ronka Erik"]
[Black "Mashiri Artur"]
[Result "1-0"]
[WhiteElo "2189"]
[BlackElo "1972"]
[PlyCount "57"]
[EventDate "2015.06.29"]
[EventRounds "9"]
[EventCountry "FIN"]

1. d4 Nf6 2. c4 e6 3. Nc3 d5 4. cxd5 exd5 5. Bg5 Nbd7 6. e3 Be7 7. Bd3 c6 8.
Qc2 h6 9. Bh4 Nf8 10. Nge2 Ne6 11. O-O Bd7 12. f3 O-O 13. Rad1 b5 14. h3 Qb6
15. Kh1 g5 16. Bf2 Ng7 17. e4 dxe4 18. fxe4 a5 19. d5 c5 20. e5 Nfh5 21. d6 Bd8
22. Nd5 Qb7 23. Be4 Kh8 24. Nf6 Qc8 25. Nxd7 Qxd7 26. Bxa8 g4 27. hxg4 Qxg4 28.
Qe4 Qg5 29. Be3 1-0

[Event "Avoin SM / Naantalin turnaus 2015"]
[Site "Naantali kuparivuorentie 1 "]
[Date "2015.06.30"]
[Round "2.6"]
[White "Hurme Harri"]
[Black "Luodonpaa Martti"]
[Result "1-0"]
[WhiteElo "2169"]
[BlackElo "1913"]
[PlyCount "101"]
[EventDate "2015.06.29"]
[EventRounds "9"]
[EventCountry "FIN"]

1. d4 e6 2. c4 Bb4+ 3. Bd2 Bxd2+ 4. Qxd2 Nf6 5. Nc3 O-O 6. e4 d5 7. e5 Ne4 8.
Qe3 Nxc3 9. bxc3 c5 10. Nf3 cxd4 11. cxd4 Qa5+ 12. Qd2 Qxd2+ 13. Kxd2 dxc4 14.
Bxc4 Nc6 15. Ke3 Na5 16. Bd3 Bd7 17. Ng5 h6 18. Ne4 Bc6 19. Rhg1 Bxe4 20. Bxe4
Rac8 21. Rac1 b6 22. f4 b5 23. d5 Nc4+ 24. Ke2 exd5 25. Bxd5 Rfd8 26. Rgd1 Nb6
27. Be4 Rxd1 28. Rxd1 Kf8 29. h4 Ke7 30. g4 Rc4 31. Ke3 Rc3+ 32. Rd3 Nc4+ 33.
Kd4 Rc1 34. h5 f6 35. exf6+ Kxf6 36. Rg3 Nd6 37. Bd3 Rh1 38. Kc5 Ke7 39. Re3+
Kd7 40. Bxb5+ Nxb5 41. Kxb5 Rh2 42. Ra3 Rb2+ 43. Kc5 Rb7 44. Ra6 Ke8 45. a4 Rf7
46. f5 Kf8 47. Kd5 Rb7 48. Rc6 Ke7 49. Ke5 Kd7 50. Rg6 Ke8 51. f6 1-0

[Event "Avoin SM / Naantalin turnaus 2015"]
[Site "Naantali kuparivuorentie 1 "]
[Date "2015.06.30"]
[Round "2.7"]
[White "Reed Darren"]
[Black "Valkama Eero"]
[Result "0-1"]
[WhiteElo "1981"]
[BlackElo "2147"]
[PlyCount "122"]
[EventDate "2015.06.29"]
[EventRounds "9"]
[EventCountry "FIN"]

1. e4 e5 2. Nf3 Nc6 3. Bc4 Bc5 4. O-O Nf6 5. d4 Bxd4 6. Nxd4 Nxd4 7. f4 d6 8.
fxe5 dxe5 9. Bg5 Qe7 10. Kh1 Be6 11. Bxe6 fxe6 12. c3 Nc6 13. Qa4 O-O 14. Nd2
Rad8 15. Nf3 Rd6 16. b4 a6 17. b5 axb5 18. Qxb5 b6 19. Nxe5 Nxe5 20. Qxe5 Rc6
21. Qg3 e5 22. Rf3 h6 23. Bxf6 Rfxf6 24. h3 Rxf3 25. Qxf3 Qa3 26. Qf5 Qxc3 27.
Rd1 Rd6 28. Qc8+ Kh7 29. Rxd6 Qc1+ 30. Kh2 Qf4+ 31. Kh1 cxd6 32. Qc6 Qf1+ 33.
Kh2 b5 34. Qc2 Qc4 35. Qb1 Kg8 36. a3 Kf7 37. Qe1 Ke8 38. Qh4 Qf7 39. Qe1 Kd7
40. Qb1 Qc4 41. Qe1 Kc6 42. Qa5 Qa4 43. Qc3+ Kb6 44. Qd3 Qd4 45. Qc2 Qc4 46.
Qf2+ Qc5 47. Qf8 Qxa3 48. Qxg7 Qe3 49. Qd7 Qd2 50. Qd8+ Kc5 51. Qc7+ Kb4 52.
Qc6 Qd3 53. g4 Kb3 54. h4 b4 55. Qb7 Qd2+ 56. Kh3 Kc2 57. Qc6+ Qc3+ 58. Qxc3+
Kxc3 59. g5 hxg5 60. hxg5 b3 61. g6 b2 0-1

[Event "Avoin SM / Naantalin turnaus 2015"]
[Site "Naantali kuparivuorentie 1 "]
[Date "2015.06.30"]
[Round "2.9"]
[White "Nisula Timo"]
[Black "Linden Lari"]
[Result "1-0"]
[WhiteElo "1934"]
[BlackElo "2114"]
[PlyCount "75"]
[EventDate "2015.06.29"]
[EventRounds "9"]
[EventCountry "FIN"]

1. e4 c5 2. Nf3 e6 3. d4 cxd4 4. Nxd4 Nc6 5. Nb5 d6 6. c4 Nf6 7. N1c3 a6 8. Na3
b6 9. Be2 Bb7 10. O-O Be7 11. Be3 O-O 12. Qb3 Nd7 13. Rfd1 Qc7 14. f4 Nc5 15.
Qc2 Rfd8 16. Bf3 Rac8 17. Rac1 Qb8 18. Qe2 Bf6 19. Nab1 Qa8 20. b3 g6 21. Rd2
Rd7 22. Rf1 Bg7 23. Qd1 Rcd8 24. a3 Na5 25. Bxc5 bxc5 26. Na4 Qa7 27. Kh1 Nc6
28. Qe1 Nd4 29. Bd1 Bc6 30. Nbc3 Rb8 31. Rb2 Rdb7 32. Qd2 Nxb3 33. Rxb3 Rxb3
34. Bxb3 Rxb3 35. Qxd6 Qa8 36. Qd2 Qe8 37. f5 Bxa4 38. Nxa4 1-0

[Event "Avoin SM / Naantalin turnaus 2015"]
[Site "Naantali kuparivuorentie 1 "]
[Date "2015.06.30"]
[Round "3.1"]
[White "Valkama Eero"]
[Black "Kiik Kalle"]
[Result "1/2-1/2"]
[WhiteElo "2147"]
[BlackElo "2369"]
[PlyCount "35"]
[EventDate "2015.06.29"]
[EventRounds "9"]
[EventCountry "FIN"]

1. e4 c5 2. Nf3 e6 3. c4 Nc6 4. Nc3 Nd4 5. Nxd4 cxd4 6. Ne2 e5 7. g3 Nf6 8. Bg2
h5 9. h3 a6 10. O-O h4 11. g4 d6 12. d3 a5 13. b3 Be7 14. Bd2 Nd7 15. f4 Nc5
16. Qc2 Bd7 17. a4 Bc6 18. Rae1 1/2-1/2

[Event "Avoin SM / Naantalin turnaus 2015"]
[Site "Naantali kuparivuorentie 1 "]
[Date "2015.06.30"]
[Round "3.2"]
[White "Ahvenjarvi Jani"]
[Black "Ronka Erik"]
[Result "0-1"]
[WhiteElo "2278"]
[BlackElo "2189"]
[PlyCount "84"]
[EventDate "2015.06.29"]
[EventRounds "9"]
[EventCountry "FIN"]

1. d4 Nf6 2. c4 g6 3. Nc3 Bg7 4. Nf3 O-O 5. g3 d6 6. Bg2 c6 7. O-O Qa5 8. h3 e5
9. e4 Nbd7 10. Be3 Nb6 11. dxe5 dxe5 12. Qd3 Nfd7 13. a3 Nc5 14. Qc2 Ne6 15.
Ne2 c5 16. Ne1 Qa6 17. b3 Nd4 18. Bxd4 cxd4 19. Nd3 Nd7 20. Nb4 Qd6 21. Nd5 b6
22. Nc1 Bb7 23. Nd3 Rac8 24. Qd2 Bxd5 25. cxd5 Rc3 26. b4 Rfc8 27. Rfc1 f5 28.
f4 fxe4 29. Bxe4 exf4 30. gxf4 Qe7 31. Bf3 Qh4 32. Kg2 Nf6 33. Rxc3 dxc3 34.
Qe1 Qxe1 35. Rxe1 Rd8 36. Ne5 Nxd5 37. Bxd5+ Rxd5 38. Rc1 Bxe5 39. fxe5 Rd3 40.
e6 Kf8 41. Rf1+ Ke7 42. Rf7+ Kxe6 0-1

[Event "Avoin SM / Naantalin turnaus 2015"]
[Site "Naantali kuparivuorentie 1 "]
[Date "2015.06.30"]
[Round "3.3"]
[White "Topi-Hulmi Teemu"]
[Black "Nisula Timo"]
[Result "1-0"]
[WhiteElo "2241"]
[BlackElo "1934"]
[PlyCount "75"]
[EventDate "2015.06.29"]
[EventRounds "9"]
[EventCountry "FIN"]

1. e4 e5 2. Nf3 Nc6 3. Bb5 a6 4. Ba4 Nf6 5. O-O Be7 6. Re1 b5 7. Bb3 d6 8. c3
O-O 9. h3 Bb7 10. d4 Re8 11. Nbd2 Bf8 12. Bc2 exd4 13. cxd4 Nb4 14. Bb1 c5 15.
d5 a5 16. Nf1 Nd7 17. Ng3 g6 18. a3 Na6 19. Bg5 Qc7 20. Qd2 c4 21. Bh6 Nac5 22.
Bc2 Ne5 23. Nd4 Ned3 24. Bxd3 Nxd3 25. Re2 Ba6 26. Bxf8 Rxf8 27. Qh6 Qe7 28.
Nc6 Qc7 29. Nf5 f6 30. Nfe7+ Kf7 31. Qxh7+ Ke8 32. Qxg6+ Kd7 33. Qf5+ Ke8 34.
Re3 Ne5 35. Rg3 Nxc6 36. Nxc6 Qd7 37. Rg7 Qxf5 38. Re7# 1-0

[Event "Avoin SM / Naantalin turnaus 2015"]
[Site "Naantali kuparivuorentie 1 "]
[Date "2015.06.30"]
[Round "3.4"]
[White "Sisatto Olli"]
[Black "Hurme Harri"]
[Result "1/2-1/2"]
[WhiteElo "2254"]
[BlackElo "2169"]
[PlyCount "121"]
[EventDate "2015.06.29"]
[EventRounds "9"]
[EventCountry "FIN"]

1. d4 Nf6 2. Bf4 g6 3. Nc3 d5 4. e3 Bg7 5. h4 h5 6. Bd3 O-O 7. Qd2 b6 8. Nf3
Bb7 9. Ne5 c5 10. f3 Nc6 11. Nxc6 Bxc6 12. Be5 Nd7 13. Bxg7 Kxg7 14. g4 Rh8 15.
O-O-O e5 16. dxe5 Nxe5 17. gxh5 Rxh5 18. Be2 Rxh4 19. f4 Rxh1 20. Rxh1 Nc4 21.
Bxc4 dxc4 22. e4 Qxd2+ 23. Kxd2 b5 24. Re1 b4 25. Nd1 Rh8 26. Nf2 Rh4 27. Ke3
Kf6 28. Rd1 Ke7 29. e5 Rh8 30. Rd6 Rc8 31. Ng4 a5 32. c3 a4 33. a3 bxa3 34.
bxa3 Bd7 35. Nf6 Bf5 36. Nd5+ Kf8 37. Nb6 Rb8 38. Nxa4 Rb3 39. Kd2 Rxa3 40.
Nxc5 Ra5 41. Rc6 Ra1 42. Ke3 Rf1 43. Rd6 Bg4 44. Rd4 Rf3+ 45. Kd2 Rf2+ 46. Kc1
Bf5 47. Rxc4 Kg7 48. Kd1 Kh6 49. Ke1 Rc2 50. Nb3 Kh5 51. Nd4 Ra2 52. Rc7 Be6
53. Nxe6 fxe6 54. Re7 Kg4 55. Rxe6 Kxf4 56. Re8 Rc2 57. e6 Kf5 58. e7 Kf6 59.
Rg8 Kxe7 60. Rxg6 Rxc3 61. Kd2 1/2-1/2

[Event "Avoin SM / Naantalin turnaus 2015"]
[Site "Naantali kuparivuorentie 1 "]
[Date "2015.06.30"]
[Round "3.5"]
[White "Haanpaa Jorma"]
[Black "Paronen Petteri"]
[Result "1/2-1/2"]
[WhiteElo "2009"]
[BlackElo "2154"]
[PlyCount "38"]
[EventDate "2015.06.29"]
[EventRounds "9"]
[EventCountry "FIN"]

1. e4 c5 2. Nf3 d6 3. c3 Nf6 4. Bc4 Nxe4 5. Qa4+ Nc6 6. Bxf7+ Kxf7 7. Qxe4 e6
8. d4 d5 9. Qf4+ Qf6 10. Qc7+ Ke8 11. O-O h6 12. Re1 Qf7 13. Qg3 cxd4 14. cxd4
Kd8 15. Nc3 g5 16. Nb5 Qd7 17. Be3 a6 18. Nc3 Qc7 19. Qxc7+ Kxc7 1/2-1/2

[Event "Avoin SM / Naantalin turnaus 2015"]
[Site "Naantali kuparivuorentie 1 "]
[Date "2015.07.01"]
[Round "4.1"]
[White "Ronka Erik"]
[Black "Topi-Hulmi Teemu"]
[Result "1/2-1/2"]
[WhiteElo "2189"]
[BlackElo "2241"]
[PlyCount "55"]
[EventDate "2015.06.29"]
[EventRounds "9"]
[EventCountry "FIN"]

1. d4 d5 2. c4 c6 3. Nf3 Nf6 4. Nc3 dxc4 5. a4 Bf5 6. Ne5 Nbd7 7. Nxc4 Qc7 8.
Qd2 e6 9. f3 Bb4 10. e4 Bg6 11. Qf4 Qxf4 12. Bxf4 O-O 13. Kf2 Nb6 14. Ne5 Rfd8
15. a5 Nbd7 16. a6 Nxe5 17. axb7 Rab8 18. Bxe5 Rxb7 19. Ba6 Rbd7 20. Ra4 Bf8
21. Rc4 Ne8 22. Rxc6 f6 23. Bf4 Rxd4 24. Bc4 Bf7 25. Be3 R4d6 26. Rxd6 Nxd6 27.
Be2 Rb8 28. Bxa7 1/2-1/2

[Event "Avoin SM / Naantalin turnaus 2015"]
[Site "Naantali kuparivuorentie 1 "]
[Date "2015.07.01"]
[Round "4.2"]
[White "Hurme Harri"]
[Black "Valkama Eero"]
[Result "1-0"]
[WhiteElo "2169"]
[BlackElo "2147"]
[PlyCount "111"]
[EventDate "2015.06.29"]
[EventRounds "9"]
[EventCountry "FIN"]

1. d4 Nf6 2. c4 e6 3. Nc3 Bb4 4. Qc2 O-O 5. a3 Bxc3+ 6. Qxc3 b6 7. Bg5 Bb7 8.
f3 h6 9. Bh4 d6 10. e3 Nbd7 11. Bd3 Rc8 12. Ne2 c5 13. O-O d5 14. cxd5 exd5 15.
dxc5 bxc5 16. Rad1 Re8 17. Rfe1 Ne5 18. Bb1 Nc4 19. e4 Nxe4 20. fxe4 Qxh4 21.
Ng3 Nb6 22. Nf5 d4 23. Qc2 Qf6 24. e5 Rxe5 25. Ne7+ Kf8 26. Nxc8 Bxc8 27. Qf2
Qxf2+ 28. Kxf2 Rxe1 29. Kxe1 Be6 30. b4 cxb4 31. axb4 Ke7 32. Rxd4 Nd5 33. Be4
Kd6 34. Bxd5 Bxd5 35. Kf2 h5 36. g3 g6 37. Ke3 a6 38. Rd1 Ke5 39. Rc1 Bb7 40.
Rc5+ Kd6 41. Kd4 Bc6 42. Ra5 Bb5 43. Ra2 Ke6 44. Rf2 Bc6 45. Rc2 Kd6 46. Rc5
Bb5 47. Ke4 Ke6 48. Kf4 Kf6 49. h4 Ba4 50. Rd5 Ke6 51. Rd8 Ke7 52. Rb8 Bb5 53.
Ke5 f6+ 54. Kd5 g5 55. Rb7+ Kf8 56. Ke6 1-0

[Event "Avoin SM / Naantalin turnaus 2015"]
[Site "Naantali kuparivuorentie 1 "]
[Date "2015.07.01"]
[Round "4.3"]
[White "Kiik Kalle"]
[Black "Ahvenjarvi Jani"]
[Result "1/2-1/2"]
[WhiteElo "2369"]
[BlackElo "2278"]
[PlyCount "56"]
[EventDate "2015.06.29"]
[EventRounds "9"]
[EventCountry "FIN"]

1. c4 c5 2. Nf3 Nc6 3. e3 Nf6 4. Nc3 e6 5. d4 d5 6. a3 cxd4 7. exd4 Be7 8. Bd3
dxc4 9. Bxc4 O-O 10. O-O b6 11. d5 Na5 12. Ba2 Nxd5 13. Nxd5 exd5 14. Bxd5 Bb7
15. Bxb7 Nxb7 16. Ne5 Bd6 17. Qd5 Bxe5 18. Qxe5 Re8 19. Qg3 Qd4 20. Rb1 Nd6 21.
Be3 Qf6 22. Qf4 Qxf4 23. Bxf4 Nc4 24. Rfc1 Re4 25. g3 Rxf4 26. gxf4 Nd2 27. Ra1
Nb3 28. Rab1 Nd2 1/2-1/2

[Event "Avoin SM / Naantalin turnaus 2015"]
[Site "Naantali kuparivuorentie 1 "]
[Date "2015.07.01"]
[Round "4.4"]
[White "Reed Darren"]
[Black "Sisatto Olli"]
[Result "0-1"]
[WhiteElo "1981"]
[BlackElo "2254"]
[PlyCount "66"]
[EventDate "2015.06.29"]
[EventRounds "9"]
[EventCountry "FIN"]

1. e4 e5 2. d4 exd4 3. Qxd4 Nc6 4. Qe3 Nf6 5. Nc3 Be7 6. Be2 d5 7. exd5 Nb4 8.
Bd3 Nfxd5 9. Nxd5 Qxd5 10. Be4 Qc4 11. b3 Qe6 12. c3 Nd5 13. Bxd5 Qxd5 14. Ne2
Bg4 15. f3 O-O-O 16. O-O Bc5 17. Nd4 Bf5 18. Bb2 Rhe8 19. Qf4 Re2 20. Rf2 Rde8
21. Raf1 Bd3 22. g3 Rxb2 23. Rxb2 Bxf1 24. Kxf1 Bxd4 25. cxd4 g5 26. Qf6 Re6
27. Qh8+ Kd7 28. Rf2 g4 29. Qxh7 Re3 30. Qh4 gxf3 31. Qg4+ f5 32. Qg7+ Re7 33.
Qf6 Qb5+ 0-1

[Event "Avoin SM / Naantalin turnaus 2015"]
[Site "Naantali kuparivuorentie 1 "]
[Date "2015.07.01"]
[Round "4.5"]
[White "Paronen Petteri"]
[Black "Nieminen Markus"]
[Result "1/2-1/2"]
[WhiteElo "2154"]
[BlackElo "1985"]
[PlyCount "39"]
[EventDate "2015.06.29"]
[EventRounds "9"]
[EventCountry "FIN"]

1. e4 e5 2. Nf3 Nc6 3. Bb5 a6 4. Ba4 Nf6 5. Qe2 Be7 6. d3 b5 7. Bb3 d6 8. c3
O-O 9. h3 Bb7 10. Nbd2 Re8 11. Nf1 d5 12. Ng3 dxe4 13. dxe4 Na5 14. Bc2 Bf8 15.
Bg5 Qd6 16. O-O h6 17. Be3 Nc4 18. Bc1 Qc6 19. Nd2 Nxd2 20. Bxd2 1/2-1/2

[Event "Avoin SM / Naantalin turnaus 2015"]
[Site "Naantali kuparivuorentie 1 "]
[Date "2015.07.01"]
[Round "4.7"]
[White "Nisula Timo"]
[Black "Haanpaa Jorma"]
[Result "1/2-1/2"]
[WhiteElo "1934"]
[BlackElo "2009"]
[PlyCount "21"]
[EventDate "2015.06.29"]
[EventRounds "9"]
[EventCountry "FIN"]

1. e4 d6 2. d4 Nf6 3. Nc3 c6 4. f4 Qa5 5. Bd3 e5 6. Nf3 Nbd7 7. O-O exd4 8.
Nxd4 Qb6 9. Be2 Nc5 10. Bf3 Be7 11. Kh1 1/2-1/2

[Event "Avoin SM / Naantalin turnaus 2015"]
[Site "Naantali kuparivuorentie 1 "]
[Date "2015.07.01"]
[Round "4.8"]
[White "Nikolakaros Kimon"]
[Black "Luodonpaa Martti"]
[Result "1/2-1/2"]
[WhiteElo "1917"]
[BlackElo "1913"]
[PlyCount "51"]
[EventDate "2015.06.29"]
[EventRounds "9"]
[EventCountry "FIN"]

1. e4 e6 2. d4 d5 3. Nd2 dxe4 4. Nxe4 Nd7 5. Nf3 Ngf6 6. Nxf6+ Nxf6 7. Bd3 c5
8. dxc5 Bxc5 9. O-O O-O 10. Qe2 b6 11. b3 Bb7 12. c4 Qc7 13. Bb2 Qf4 14. Qe5
Qxe5 15. Nxe5 Rfd8 16. Rfe1 Bd4 17. Bxd4 Rxd4 18. Rad1 Rad8 19. Bc2 Kf8 20.
Rxd4 Rxd4 21. Rd1 Rxd1+ 22. Bxd1 Ke7 23. f3 Nd7 24. Nxd7 Kxd7 25. Kf2 Kd6 26.
Ke3 1/2-1/2

[Event "Avoin SM / Naantalin turnaus 2015"]
[Site "Naantali kuparivuorentie 1 "]
[Date "2015.07.02"]
[Round "5.1"]
[White "Topi-Hulmi Teemu"]
[Black "Hurme Harri"]
[Result "1-0"]
[WhiteElo "2241"]
[BlackElo "2169"]
[PlyCount "113"]
[EventDate "2015.06.29"]
[EventRounds "9"]
[EventCountry "FIN"]

1. e4 e5 2. Nf3 Nc6 3. Bb5 a6 4. Ba4 Nf6 5. O-O Be7 6. Re1 b5 7. Bb3 d6 8. c3
O-O 9. h3 Nb8 10. d4 Nbd7 11. Nbd2 Bb7 12. Bc2 Re8 13. Nf1 Bf8 14. Ng3 g6 15.
a4 c5 16. d5 c4 17. Bg5 Be7 18. Qd2 Nc5 19. Bh6 Bf8 20. Bxf8 Rxf8 21. Qh6 Qe7
22. Re3 Kh8 23. Ng5 Rg8 24. Qh4 Rg7 25. f4 exf4 26. Qxf4 Nfd7 27. Ne2 Re8 28.
axb5 axb5 29. Nd4 Ne5 30. Nxb5 Ncd3 31. Bxd3 Nxd3 32. Qg3 h6 33. Nf3 Bxd5 34.
Ra7 Qd8 35. Qxd6 Be6 36. b4 Rgg8 37. Nfd4 Qg5 38. Qg3 Ra8 39. Qxg5 hxg5 40.
Rxa8 Rxa8 41. Nxe6 fxe6 42. Rf3 Kg7 43. Nc7 Ra3 44. Nxe6+ Kh6 45. Rf8 Kh7 46.
Nxg5+ Kg7 47. Ne6+ Kh7 48. Rf7+ Kh8 49. b5 Rb3 50. Nd4 Rb2 51. Rc7 Nf4 52. e5
Rxg2+ 53. Kf1 Rb2 54. e6 Nd5 55. Rd7 Ne3+ 56. Kg1 Kg8 57. Rd8+ 1-0

[Event "Avoin SM / Naantalin turnaus 2015"]
[Site "Naantali kuparivuorentie 1 "]
[Date "2015.07.02"]
[Round "5.2"]
[White "Kiik Kalle"]
[Black "Ronka Erik"]
[Result "1-0"]
[WhiteElo "2369"]
[BlackElo "2189"]
[PlyCount "69"]
[EventDate "2015.06.29"]
[EventRounds "9"]
[EventCountry "FIN"]

1. d4 Nf6 2. c4 g6 3. Nc3 Bg7 4. e4 d6 5. f4 O-O 6. Nf3 e5 7. dxe5 dxe5 8. Qxd8
Rxd8 9. fxe5 Ng4 10. Bg5 Re8 11. Nd5 Na6 12. c5 Be6 13. Bxa6 Bxd5 14. exd5 bxa6
15. O-O-O Nxe5 16. Nxe5 Bxe5 17. Rd3 Rab8 18. b3 f6 19. Be3 Kf7 20. Kc2 Rb4 21.
h3 Re4 22. Rhd1 Bg3 23. Bd2 Bf2 24. b4 a5 25. a3 axb4 26. axb4 a5 27. Rf1 Bd4
28. Rf4 g5 29. Rxe4 Rxe4 30. Rf3 Be5 31. bxa5 Rc4+ 32. Kb3 Rxc5 33. Rd3 Rb5+
34. Kc4 Rb2 35. Bb4 1-0

[Event "Avoin SM / Naantalin turnaus 2015"]
[Site "Naantali kuparivuorentie 1 "]
[Date "2015.07.02"]
[Round "5.3"]
[White "Sisatto Olli"]
[Black "Pelto Juho"]
[Result "1-0"]
[WhiteElo "2254"]
[BlackElo "2058"]
[PlyCount "67"]
[EventDate "2015.06.29"]
[EventRounds "9"]
[EventCountry "FIN"]

1. d4 d5 2. Bf4 Nf6 3. e3 Bf5 4. c4 c6 5. Nc3 e6 6. Qb3 Qb6 7. c5 Qxb3 8. axb3
Nbd7 9. b4 Nh5 10. Nf3 Nxf4 11. exf4 f6 12. b5 e5 13. fxe5 fxe5 14. b4 Be4 15.
Nxe4 dxe4 16. Nxe5 Nxe5 17. dxe5 g6 18. Bc4 Bg7 19. O-O-O Rd8 20. Rd6 Rxd6 21.
exd6 Kd7 22. Re1 Re8 23. Kc2 Bd4 24. bxc6+ bxc6 25. Rd1 Bxf2 26. Ra1 Ra8 27.
Ra6 Bd4 28. Bb3 h6 29. Ba4 Rf8 30. Bxc6+ Ke6 31. Bxe4 Rb8 32. Kd3 Rxb4 33. d7+
Kxd7 34. Rd6+ 1-0